| 000 | 00382cam a2200157ua 4500 | ||
|---|---|---|---|
| 041 |
_aeng _h |
||
| 082 |
_a604.2 _bWAR/EN |
||
| 100 | _aWard, G B C . | ||
| 245 |
_aEngineering drawing / _cG B C Ward. _hTextual Documents |
||
| 250 |
_a1 / _b. |
||
| 260 |
_aLondon : _bEnglish Universities Press , _c1960. |
||
| 300 | _a195 ; . | ||
| 504 | _a | ||
| 942 | _cBK | ||
| 999 |
_c8744 _d8744 |
||